000 00616nam a2200229Ia 4500
003 OSt
005 20221007074854.0
006 a|||||r|||| 00| 0
007 ta
008 221006b |||||||| |||| 00| 0 eng d
024 _a12,069
037 _cTextual
040 _aFLL
_cFLL
_beng
041 _2eng
_aeng
082 _aV2:28h:Z, J6
100 _aPrem Daulat Ram Au.
_9681328
245 0 _aLaw relating to govt. servants
260 _aNew Delhi
_bArora Law house India
_c1956
300 _a232p
_ccm.
942 _hV2:28h:Z, J6
_cTEXL
_2CC
999 _c1153978
_d1153978